Name 250 Female Celebrities - Statistics

General Stats
  • This quiz has been taken 6,982 times
  • The average score is 49 of 250
Answer Stats
Famous Girl % Correct
Beyoncé
73%
Taylor Swift
69%
Kim Kardashian
66%
Elizabeth Taylor
65%
Rihanna
62%
Selena Gomez
62%
Ariana Grande
61%
Jennifer Aniston
61%
Jennifer Lopez
58%
Kendall Jenner
58%
Jennifer Lawrence
56%
Katy Perry
56%
Khloe Kardashian
56%
Cher
54%
Angelina Jolie
51%
Britney Spears
51%
Madonna
51%
Lady Gaga
50%
Scarlett Johansson
50%
Miley Cyrus
48%
Nicki Minaj
47%
Emma Watson
46%
Emma Stone
45%
Meghan Markle
45%
Adele
44%
Zendaya
44%
Kylie Jenner
42%
Marilyn Monroe
42%
Meryl Streep
42%
Anne Hathaway
39%
Michelle Obama
39%
Cardi B
37%
Shakira
37%
Mariah Carey
35%
Oprah Winfrey
35%
Christina Aguilera
34%
Kristen Bell
34%
Natalie Portman
34%
Ellen DeGeneres
33%
Margot Robbie
33%
Megan Fox
32%
Sandra Bullock
32%
Demi Lovato
31%
Emma Roberts
31%
Gigi Hadid
31%
Caitlyn Jenner
30%
Kate Winslet
30%
Bella Hadid
29%
Céline Dion
29%
Mila Kunis
29%
Audrey Hepburn
28%
Julia Roberts
28%
Kate Middleton
28%
Nicole Kidman
28%
Whitney Houston
28%
Amy Adams
27%
Blake Lively
27%
Kristen Stewart
26%
Lindsay Lohan
26%
Maggie Smith
26%
Demi Moore
25%
Halle Berry
25%
Hillary Clinton
25%
Jennifer Garner
25%
Jessica Alba
25%
Michelle Williams
25%
Dua Lipa
24%
Kelly Clarkson
24%
Paris Hilton
24%
Reese Witherspoon
24%
Tina Turner
24%
Lucy Liu
23%
Pink
23%
Amy Winehouse
22%
Cate Blanchett
22%
Drew Barrymore
22%
Keira Knightley
22%
Kylie Minogue
22%
Naomi Campbell
22%
Vanessa Williams
22%
Anna Kendrick
21%
Dolly Parton
21%
Penélope Cruz
21%
Sarah Jessica Parker
21%
Alicia Keys
20%
Camila Cabello
20%
Catherine Zeta-Jones
20%
Gwyneth Paltrow
20%
Julianne Moore
20%
Lana Del Rey
20%
Rachel McAdams
20%
Victoria Beckham
20%
Winona Ryder
20%
Cameron Diaz
19%
Dakota Johnson
19%
Mandy Moore
19%
Salma Hayek
19%
Amanda Seyfried
18%
Angela Merkel
18%
Ashley Olsen
18%
Charlize Theron
18%
Diana Ross
18%
Janet Jackson
18%
Kate Moss
18%
Mary-Kate Olsen
18%
Sofía Vergara
18%
January Jones
17%
Melania Trump
17%
Serena Williams
17%
Vanessa Hudgens
17%
Gal Gadot
16%
Geena Davis
16%
Gwen Stefani
16%
Barbra Streisand
15%
Betty White
15%
Cindy Crawford
15%
Gisele Bündchen
15%
Helena Bonham Carter
15%
Helen Mirren
15%
Jane Fonda
15%
Jodie Foster
15%
Judi Dench
15%
Kate Hudson
15%
Rebel Wilson
15%
Uma Thurman
15%
Avril Lavigne
14%
Brie Larson
14%
Evangeline Lilly
14%
Hailey Baldwin
14%
Heidi Klum
14%
Pamela Anderson
14%
Susan Sarandon
14%
Carrie Fisher
13%
Celia Cruz
13%
Fergie
13%
Hilary Duff
13%
Isla Fisher
13%
Jamie Lee Curtis
13%
Judy Garland
13%
Katie Holmes
13%
Kelly Rowland
13%
Kesha
13%
Kirsten Dunst
13%
Michelle Pfeiffer
13%
Rita Ora
13%
Tina Fey
13%
Zoe Saldana
13%
Carrie Underwood
12%
Cheryl Cole
12%
Eva Mendes
12%
Jessica Biel
12%
Jessica Simpson
12%
Jessie J
12%
Melissa McCarthy
12%
Amber Heard
11%
Aretha Franklin
11%
Bella Thorne
11%
Diane Keaton
11%
Emilia Clarke
11%
Eva Longoria
11%
Grace Kelly
11%
Janis Joplin
11%
Jennifer Hudson
11%
Jessica Chastain
11%
Kate Beckinsale
11%
Lorde
11%
Missy Elliott
11%
Renée Zellweger
11%
Sharon Stone
11%
Azealia Banks
10%
Glenn Close
10%
Iggy Azalea
10%
Katherine Heigl
10%
Leona Lewis
10%
Olivia Wilde
10%
Sarah Michelle Gellar
10%
Viola Davis
10%
Zoë Kravitz
10%
Alicia Silverstone
9%
Brigitte Bardot
9%
Carmen Miranda
9%
Claudia Schiffer
9%
Dakota Fanning
9%
Ellie Goulding
9%
Ivanka Trump
9%
Leighton Meester
9%
Lily Allen
9%
Meg Ryan
9%
Nelly Furtado
9%
Sarah Paulson
9%
Tyra Banks
9%
Aaliyah
8%
Anna Wintour
8%
Cara Delevingne
8%
Christina Ricci
8%
Ellen Page
8%
Kathy Bates
8%
Liza Minnelli
8%
Melanie Griffith
8%
Monica Bellucci
8%
Rachel Weisz
8%
Shania Twain
8%
Ciara
7%
Jennifer Love Hewitt
7%
Jessica Lange
7%
Karlie Kloss
7%
Kelly Osbourne
7%
Lea Michele
7%
Lil' Kim
7%
Linda Evangelista
7%
Mary J. Blige
7%
Sofia Richie
7%
Sophia Loren
7%
Tilda Swinton
7%
Zooey Deschanel
7%
Amy Poehler
6%
Brooke Shields
6%
Carla Bruni
6%
Chloë Grace Moretz
6%
Diane Sawyer
6%
Emily Ratajkowski
6%
Kathy Griffin
6%
Maria Sharapova
6%
Shailene Woodley
6%
Catherine Deneuve
5%
Ella Fitzgerald
5%
Miranda Kerr
5%
Toni Collette
5%
Alessandra Ambrósio
4%
Elizabeth Banks
4%
Elle Macpherson
4%
Michelle Rodriguez
4%
Nicole Scherzinger
4%
Paula Abdul
4%
Toni Braxton
4%
Alanis Morissette
3%
Andie MacDowell
3%
Anitta
3%
Björk
3%
Christina Milian
3%
Gloria Estefan
3%
Anna Faris
2%
Chrissy Teigen
2%
Joan Rivers
2%
Milla Jovovich
2%
Twiggy
2%
Nigella Lawson
1%
Patti LaBelle
1%
Paulina Rubio
0%
No matching quizzes found
Score Distribution
Percent of People with Each Score
Percentile by Number Answered
Your Score History
You have not taken this quiz